| 000 | 00930nam a2200301 i 4500 | ||
|---|---|---|---|
| 003 | EG-GICUC | ||
| 005 | 20260303112550.0 | ||
| 008 | 260303s2008 enk||||fr|||| 00| 0 eng d | ||
| 020 | _a9780199539673 | ||
| 040 |
_aEG-GiCUC _beng _cEG-GiCUC _dEG-GiCUC _erda |
||
| 082 | 0 | 4 |
_221 _a341.84 |
| 092 | 0 | 4 | _221 |
| 099 | _aLaw 12 2008 | ||
| 100 | 1 | _aBriggs, Adrian. | |
| 245 | 1 | 4 |
_aThe conflict of laws / _cAdrian Briggs. |
| 250 | _a2nd edition. | ||
| 264 |
_aOxford ; _aNew York : _bOxford University Press, _c2008. |
||
| 300 |
_axxxv, 287 pages ; _c23 cm |
||
| 336 |
_2rda content _atext |
||
| 337 |
_2rda media _aComputer |
||
| 338 |
_2rda carrier _aOnline Resource |
||
| 490 | _aClarendon law series | ||
| 504 | _aIncludes bibliographical references and index. | ||
| 650 | 0 |
_aConflict of laws _zGreat Britain. |
|
| 856 | 4 | 0 | _uhttps://fll.law.cu.edu.eg/fulltext/bks/ENGB12-00062.pdf |
| 905 | _a10 | ||
| 942 |
_2ddc _cBK _e21 _n0 |
||
| 999 |
_c64712 _d64712 |
||